000 00701nam a2200229 a 4500
001 BRCA_3634
005 20190320204349.0
008 260809s1962----mx-a---###---#000-0#eng-#
041 _aeng
044 _amx
050 4 _aND1352
_b.K54 1962
100 1 _aKiek, Martín
_9770
245 1 0 _aMexico through British eyes of the past
_cby Martin Kiek.
260 _aMéxico
_bImprenta Benjamín Franklin
_c1962
300 _a1 v. (sin paginación)
_bil.
_c22 cm.
500 _aReprinted from the magazine INTERCAMBIO, (Mexico City) No. 222, of May 31st, 1962
500 _aB302
650 1 4 _aPaisajes, Pintura de
_zMéxico
_99429
650 1 4 _aPintura inglesa
_99430
902 _aGFM
942 _2lcc
_cB
999 _c3369
_d3369